Culture générale experts - Statistiques

Statistiques générales
  • Ce quiz a été pris 57 fois
    17 depuis la dernière actualisation
  • Le résultat moyen est 17 sur 60
Statistiques - réponses
Hint Réponse % Correct
À l'invention du sport combien de points rapportait un essai au rugby? 0 point
92%
Combien de Ballon d'or a remporté Diego Maradona ? 0
85%
En quelle année est sorti le premier Iphone ? 2007
69%
Combien y a-t-il de départements français ? 101
62%
Quel article de la constitution française donne la possibilité au Premier ministre de faire adopter un projet de loi sans un vote de l'Assemblée nationale ? 49.3
62%
Qui était président de l'OM lors de la victoire en LDC en 1993 ? Bernard Tapie
62%
Quel est l'alcool principal dans un Cuba libre ? Le rhum
62%
SOS d'un terrien ... en détresse
54%
Quel personnalité était surnommée "La dame de fer" ? Margaret Thatcher
54%
Quel territoire situé en Californie est connu pour être un territoire d'innovations ? Silicon Valley
54%
Où se situe le siège du parlement européen ? Strasbourg
54%
Dans quel quartier se déroule "Le fabuleux destin d'Amélie Poulain" ? Montmartre
46%
Quel est le nom du pôle maritime d'inaccessibilité, c'est-à-dire le point de l'océan le plus éloigné de toute terre émergée sur la planète Terre ? Nemo
46%
Quelle est la capitale de la Mauritanie ? Nouakchott
46%
Quelle particule subatomique a une charge positive ? Proton
46%
Quel est l'élément principal de la jaquette de l'album Nevermind de Nirvana? Un bébé
46%
La guerre des Malouines opposait le Royaume-Uni et quel autre pays ? Argentine
38%
Dans quel état des USA se situe le Grand Canyon ? Arizona
38%
Où se sont déroulés les JO de 1992 ? Barcelone
38%
À quel action cette définition fait-elle référence: Ajouter un peu de liquide froid sur des sucs de cuisson caramélisés afin de les dissoudre ? Déglacer
38%
Dans Les Tortues Ninja, quelle tortue porte un bandeau violet ? Donatello
38%
Que signifie l'abréviation MOF ? Meilleur Ouvrier de France
38%
Quel réalisateur est connu pour 2001: l'odyssée de l'espace, Orange mécanique ou Eyes Wide Shut ? Stanley Kubrick
38%
« Rien ne se perd, rien ne se crée, tout se transforme » : de qui cela vient-il ? Antoine Lavoisier
31%
Quel explorateur français est connu pour avoir découvert le Canada ? Jacques Cartier
31%
Quelle ville est surnommée Sin City ? Las Vegas
31%
De quelle ville s'est inspirée Rockstar pour GTA Vice City ? Miami
31%
Quelle est la première règle du Fight Club ? Ne pas parler du Fight Club
31%
Quelle est la carte la plus coûteuse en élixir sur Clash Royale ? Trois Mousquetaires
31%
Quelle est la date de prise de pouvoir d'Hitler (JJ/MM/AAAA) ? 30 janvier 1933
23%
Si je suis à Nuketown dans quelle licence je me situe ? Call of Duty
23%
Comment s’appelle le café où les personnages de Friends se retrouvent souvent ? Central Perk
23%
Quel était le nom de l'avion bombardier qui a largué une bombe atomique sur Hiroshima ? Enola Gay
23%
Quel nation a remporté l'euro 2004 ? La Grèce
23%
Comment se nomme le passage de l'état solide à l'état gazeux ? Sublimation
23%
Quel animateur radio a eu ses burgers au Quick ? Cauet
15%
Quel compositeur est connu pour la "Truite" ? Franz Schubert
15%
Quel joueur était sur la jaquette de FIFA 17 ? Marco Reus
15%
De quel film provient la réplique "You talking to me ?" ? Taxi driver
15%
En quelle année a eu lieu la bataille de Hastings ? 1066
8%
Qui a inscrit un doublé lors de la finale Inter Milan-Bayern Munich en 2010 ? Diego Milito
8%
Que signifie le sigle GPS ? Global Positioning System
8%
Quel est le nom du stade de Everton ? Goodison Park
8%
Comment se nomme le méchant dans Tom Sawyer ? Joe l'indien
8%
Qui chante Torn ? Natalie Imbruglia
8%
Quel est le nom de l'hôtel dans Shining ? Overlook
8%
Quel était le nom du projet de recherche du gouvernement américain dont l'objectif était de produire une bombe atomique au cours de la Seconde Guerre mondiale ? Projet Manhattan
8%
Comment s’appelle le rival de Sacha dans les premières saisons ? Régis
8%
Qui a fondé Napster ? Sean Parker
8%
De quel ville provient la paella ? Valence
8%
Combien coûtent 5000 Vbucks à l'instant T ? 36.99 euros
0%
Comment s'appelait Google initialement ? BackRub
0%
Par quoi multiplie-t-on la masse pour obtenir le poids ? Constante gravitationnelle
0%
Quel savant a découvert la radioactivité ? Henri Becquerel
0%
De quel groupe Jimmy Page est-il le guitariste ? Led Zeppelin
0%
Dans Inazuma Eleven, contre quelle équipe Raimon joue-t-elle lors du premier match officiel ? L’institut Occulte
0%
Quel joueur est le recordman de points en Euroleague (au total)? Mike James
0%
Qui est le dernier président du mont Rushmore: George Washington, Abraham Lincoln, Theodore Roosevelt, ... ? Thomas Jefferson
0%
Quel est mon poste au rugby si je joue numéro 6 ? Troisième ligne aile
0%
Quel athlète détient le record du 400m masculin ? Wayde Van Niekerk
0%
Aucun quiz correspondant
Distribution des résultats
% des personnes avec chaque résultat
Percentile par nombre de réponses
Votre historique - résultats
Vous n’avez pas pris ce quiz depuis la dernière actualisation